Ethics of immediacy: (Record no. 1678696)

MARC details
000 -LEADER
fixed length control field 00724 a2200229 4500
005 - DATE AND TIME OF LATEST TRANSACTION
control field 20260416151948.0
008 - FIXED-LENGTH DATA ELEMENTS--GENERAL INFORMATION
fixed length control field 260416b |||||||| |||| 00| 0 eng d
020 ## - INTERNATIONAL STANDARD BOOK NUMBER
International Standard Book Number 979-8-7651-0725-6
037 ## - SOURCE OF ACQUISITION
Terms of availability TB
040 ## - CATALOGING SOURCE
Original cataloging agency CRL
Transcribing agency CRL
041 ## - LANGUAGE CODE
Source of code eng
Language code of text/sound track or separate title eng
084 ## - COLON CLASSIFICATION NUMBER
Classification number R4 R5
Assigning agency CRL
100 ## - MAIN ENTRY--PERSONAL NAME
Personal name McCurry, Jeffrey
9 (RLIN) 1113851
245 ## - TITLE STATEMENT
Title Ethics of immediacy:
Remainder of title dangerous experience in freud, woolf, and merleau-ponty
260 ## - PUBLICATION, DISTRIBUTION, ETC.
Place of publication, distribution, etc. New York, USA:
Name of publisher, distributor, etc. Bloomsbury Academic,
Date of publication, distribution, etc. 2025.
300 ## - PHYSICAL DESCRIPTION
Extent 209p.
365 ## - TRADE PRICE
Price amount 28.99
Currency code GBP
650 ## - SUBJECT ADDED ENTRY--TOPICAL TERM
Topical term or geographic name entry element Ethics
650 ## - SUBJECT ADDED ENTRY--TOPICAL TERM
Topical term or geographic name entry element Philosophy
942 ## - ADDED ENTRY ELEMENTS (KOHA)
Koha item type Textbook
Source of classification or shelving scheme Colon Classification (CC)
Classification part R4 R5
Holdings
Withdrawn status Lost status Source of classification or shelving scheme Damaged status Not for loan Home library Current library Date acquired Source of acquisition Cost, normal purchase price Inventory number Total Checkouts Full call number Barcode Date last seen Cost, replacement price Price effective from Koha item type
    Colon Classification (CC)     Central Library Central Library 2026-04-16 Elite Publishers Distributors 2871.86 15204 & 12/02/2026   R4 R5 CL1925978 2026-02-12 3589.83 2026-02-12 Textbook
Copyright @ Delhi University Library System